01490cam a2200349 a 45000010005000000030008000050050017000130080039000300200015000690350018000840400023001020410008001250820023001332450086001562600047002423000035002895000052003245040051003765200036004276500064004636500060005276500025005876500032006126500025006447000034006697000039007037100057007429420012007999990015008119520156008269520158009827186BD-RjUL20211208234357.0140113s2000 ii ab b 101 0 eng a8170368782 a(BD-RjUL)7228 aDLCcDLCdDLCbeng aeng04a346.0432bNEG 200000aNegotiating water rights /cedited by Bryan Randolph Bruns, Ruth S. Meinzen-Dick. aNew Delhi :bVistaar Publications,cc2000. a394 p. :bill., maps ;c22 cm. a"International Food Policy Research Institute." aIncludes bibliographical references and index. aOutcome of various conferences. 0aWater-supplyxManagementxInternational cooperation.922490 0aWatershed managementxInternational cooperation.922491 0aWater rights.912819 0aConflict management.922492 0aWater-supply.9224931 aBruns, Bryan Randolph.9224941 aMeinzen-Dick, Ruth Suseela.9224952 aInternational Food Policy Research Institute.910765 2ddccBK c7186d7186 00102ddc40708NFICaRUCLbRUCLcstackd2006-06-25eparagon Enterprises Dhakag650.00l0o346.0432 NEG 2000r2014-01-13 00:00:00tC-2w2014-01-13yBK 00102ddc40718NFICaRUCLbRUCLcReadingd2006-06-25eParagon Enterprises Dhakag650.00l0o346.0432 NEG 2000r2016-12-21 00:00:00tC-1w2016-12-21yBK